Manual de usuario de la aplicación de banco de tejidos (Registro nro. 6467)

Detalles MARC
000 -CABECERA
Campo de control 01154nam a2200241 a 4500
005 - FECHA Y HORA DE LA ULTIMA TRANSACCION
Campo de control 20150105092640.0
008 - ELEMENTOS DE LONGITUD FIJA—INFORMACION GENERAL
Campo de control 140129b2007 ck ||||| |||| 00| 0 spa d
040 ## - FUENTE DE CATALOGACIÓN
Agencia transcriptora CO-BoIH
041 ## - IDIOMA
Código de idioma para texto/pista de sonido o título separado Español
044 ## - PAÍS DE PUBLICACIÓN
País de publicación Colombia
090 ## - CLASIFICACIÓN LOCAL
Colección IAVH
Consecutivo 01090
100 ## - ASIENTO PRINCIPAL--NOMBRE PERSONAL
Nombre personal Supelano, Javier
245 ## - MENCION DE TITULO
Título Manual de usuario de la aplicación de banco de tejidos
260 ## - PUBLICACION, DISTRIBUCION, ETC. (PIE DE IMPRENTA)
Lugar de publicación, distribución, etc. Bogotá
Nombre del editor, distribuidor, etc. Instituto Alexander von Humboldt
Fecha de publicación, distribución, etc. 2007
300 ## - DESCRIPCION FISICA
Extensión 47 p.
520 ## - NOTA DE RESUMEN, ETC.
Nota de resumen La aplicación informática de banco de tejidos fue desarrollada con el propósito de asegurar la consistencia de la información con el estándar de registros biológios del SIB y proveer una aplicación que permita la administración generada por el banco de tejidos. Ésta permite documentar los registros biológicos que componen la base de datos del banco de tejidos, crear y administrar tejidos, tubos, racks; adicionar, relacionar, editar o suprimir tejidos y asociar un tejido con un registro biológico
650 ## - ASIENTO SECUNDARIO DE MATERIA - TERMINO TEMATICO
Término temático o nombre geográfico como elemento de entrada Base de datos
650 ## - ASIENTO SECUNDARIO DE MATERIA - TERMINO TEMATICO
Término temático o nombre geográfico como elemento de entrada Banco de tejidos
650 ## - ASIENTO SECUNDARIO DE MATERIA - TERMINO TEMATICO
Término temático o nombre geográfico como elemento de entrada Aplicación
700 ## - ASIENTO SECUNDARIO - NOMBRE PERSONAL
Nombre personal Restrepo, Carlos
942 ## - ELEMENTOS ADICIONALES (KOHA)
Tipo de ítem Informe Técnico
Sistema de clasificación Local
945 ## - PROCESAMIENTO LOCAL
AAAA-MM-DD - Fecha de ingreso o modificacion 2008-08-07
Existencias
Withdrawn status Lost status Sistema de Clasificación Damaged status No para préstamo Colección Inventariado Ubicación Permanente Ubicación actual Fecha de adquisición Total Checkouts Número topográfico Inventario / Código de Barras Date last seen Ejemplar Price effective from Forma de adquisición Tipo de material
    Local     Humboldt Inventariado 2017 Bogotá Bogotá 07/08/2008   IAVH-01090 026266 09/08/2024 Ej. 1 04/12/2012   Informe Técnico